000 00675nam a22002297a 4500
001 70526
003 UA-OsUOA
005 20211023215406.0
007 ta
008 20100906b un ||||| |||| 00| 0 ukr d
020 _a5-212-00435-7
040 _aUA-OsUOA
_brus
_cUA-OsUOA
_dUA-OsUOA
041 _arus
080 _a94(470+571)
090 _a94(470+571)
_bС83
245 _aСтрана гибнет сегодня: воспоминания о Федеральской революции 1917 года
_cред. Казакевич А. Н.
260 _aМ.
_bКнига
_c1991
300 _a480 с.
650 7 _a94 Історія
_2UDC
942 _cBK
_2udc
955 _a3
999 _c356796
_d356796